00969cgm a22002415a 450000500170000000800410001704100080005808200220006624501540008825000220024230000180026449000200028265000750030265000710037771000610044894200200050926400600052933600270058933700330061633800280064904000350067799900150071220220316235840.0030529s1990 ck --- g s00 vuspa 0 aspa04a398.8861bM87rlp 00aRondas, cantos y juegos tradicionales de los niños del Litoral Pacífico hvideograbaciónccompilación, Museo de Artes y Tradiciones Populares aPrimera edición a1 videocasete0 aRondas y cantos14aCanciones infantiles zLitoral Pacifico (Colombia)vVideocasetes2LEMB14aJuegos musicales zLitoral Pacifico (Colombia)vVideocasetes2LEMB2 aMuseo de Artes y Tradiciones Popularesecompilador93587 2ddccVIDEOCASET aBogotá bMuseo de Artes y Tradiciones Popularesc1990 atextobtxt2rdacontent asin mediaciónbn2rdamedia avolumenbnc2rdacarrier aCO-BoRNBPbspaerdacCO-BoRNBP c2373d2373